000
00331 a2200157 4500
001
158731
020
_a
040
_c
Magnum
100
_a
-
240
1
0
_a
Dicionario infantil vila sesamo
_l
por
245
1
0
_a
Dicionario infantil vila sesamo
362
0
_a
1899
440
1
_a
Salamandra
697
_a
DICIONARIOS
942
_c
BK
999
_c
158731
_d
158731